00945cam a22002531 4500001001300000003000400013005001700017008004100034010001700075035001900092040004500111042001200156050002400168051002600192100005900218245014800277260002900425300003800454490007000492650003800562710003700600710003700637999001700674gs 27000001 DLC20260227111331.0780117s1925 xx 000 0 eng c ags 27000001  a(OCoLC)3563978 aLibrary, U.S. Geological SurveycOTdDLC apremarc00aQE165b.A2 no. 33-E aTN805.T2bF6cCopy 2.1 aForbes, John J. V.q(John Joseph Vincent),d1885-1975.10aCoal losses of Tennessee,cby J. J. Forbes. Prepared by the Bureau of mines, Department of the interior, for the United States Coal commission. aNashville, Tenn.,c1925. av, 36 p.billus., tables.c23 cm.0 aTennessee. Dept. of education. Division of geology. Bulletin 33-E 0aCoal mines and miningzTennessee.1 aUnited States.bCoal commission.1 aUnited States.bBureau of Mines. c26523d26523